The Penguin Dictionary of International Relations (Record no. 321155)

000 -LEADER
fixed length control field 00393 a2200145 4500
001 - CONTROL NUMBER
control field 86082
003 - CONTROL NUMBER IDENTIFIER
control field NUST
005 - DATE AND TIME OF LATEST TRANSACTION
control field 20180120160421.0
008 - FIXED-LENGTH DATA ELEMENTS--GENERAL INFORMATION
fixed length control field 180120b xxu||||| |||| 00| 0 eng d
020 ## - INTERNATIONAL STANDARD BOOK NUMBER
International Standard Book Number 9780140513974
082 ## - DEWEY DECIMAL CLASSIFICATION NUMBER
Classification number 327.03 EVA
100 ## - MAIN ENTRY--PERSONAL NAME
Personal name Graham Evans ; Jeffrey Newnham
9 (RLIN) 9299
245 ## - TITLE STATEMENT
Title The Penguin Dictionary of International Relations
Medium English
260 ## - PUBLICATION, DISTRIBUTION, ETC.
Place of publication, distribution, etc. UK
Name of publisher, distributor, etc. Penguin Books
Date of publication, distribution, etc. 1998
300 ## - PHYSICAL DESCRIPTION
Extent viii 624 p.
500 ## - GENERAL NOTE
General note PAF Book Club
942 ## - ADDED ENTRY ELEMENTS (KOHA)
Institution code [OBSOLETE] NUST-CAE
Call number prefix 327.03 EVA
Koha item type Book
Source of classification or shelving scheme
Holdings
Withdrawn status Lost status Damaged status Not for loan Collection code Permanent Location Current Location Date acquired Total Checkouts Full call number Barcode Date last seen Price effective from Koha item type
          College of Aeronautical Engineering (CAE) College of Aeronautical Engineering (CAE) 04/03/2017   327.03 EVA CAE85144 04/05/2017 04/05/2017 Book
          College of Aeronautical Engineering (CAE) College of Aeronautical Engineering (CAE) 04/03/2017   327.03 EVA CAE85145 04/05/2017 04/05/2017 Book
© 2023 Central Library, National University of Sciences and Technology. All Rights Reserved.